|
|
|
|
| LEADER |
00000nam0a2200000 4500 |
| 001 |
278670 |
| 005 |
20231101235133.0 |
| 035 |
|
|
|a (RuTPU)RU\TPU\book\301948
|
| 090 |
|
|
|a 278670
|
| 100 |
|
|
|a 20141213d1986 km y0rusy50 ca
|
| 101 |
0 |
|
|a rus
|
| 102 |
|
|
|a RU
|
| 105 |
|
|
|a a g 001zy
|
| 200 |
1 |
|
|a Сооружение ЛЭП для магистральных трубопроводов
|e справочное пособие
|f А. Г. Арнополин, В. И. Мичков
|
| 210 |
|
|
|a Москва
|c Недра
|d 1986
|
| 215 |
|
|
|a 164 с.
|c ил.
|
| 320 |
|
|
|a Библиогр.: с. 162
|
| 606 |
1 |
|
|a Трубопроводы магистральные
|x Электрооборудование
|2 stltpush
|3 (RuTPU)RU\TPU\subj\61792
|9 78955
|
| 610 |
1 |
|
|a трубопроводный транспорт
|
| 610 |
1 |
|
|a воздушные линии электропередачи
|
| 610 |
1 |
|
|a устройство
|
| 610 |
1 |
|
|a строительство
|
| 610 |
1 |
|
|a строительно-монтажные работы
|
| 610 |
1 |
|
|a особенности
|
| 610 |
1 |
|
|a трансформаторные подстанции
|
| 610 |
1 |
|
|a монтаж
|
| 610 |
1 |
|
|a техника безопасности
|
| 610 |
1 |
|
|a справочные пособия
|
| 675 |
|
|
|a 622.692.4(035)
|v 4
|
| 700 |
|
1 |
|a Арнополин
|b А. Г.
|g Александр Григорьевич
|
| 701 |
|
1 |
|a Мичков
|b В. И.
|g Вячеслав Иванович
|
| 801 |
|
1 |
|a RU
|b 63413507
|c 20141213
|
| 801 |
|
2 |
|a RU
|b 63413507
|c 20180115
|g RCR
|
| 942 |
|
|
|c BK
|